El crecimiento vegetal del durazno [Prunus persica (L.) Batsch.] variedad Jarillo : un estudio en tres zonas con diversas altitudes en la provincia de Pamplona, Norte de Santander, Colombia /

Bibliographic Details
Main Authors: Quevedo García, Enrique (Author), Pacheco Villamizar, Alba Milena (Author), Giovanni Orlando Cancino Escalante (Author)
Format: Electronic eBook
Language:Spanish
Published: [Pamplona, Colombia] : Sello Editorial Unipamplona, [2024]
Edition:Primera edición.
Series:Colección Ciencias pecuarias y agronomía (Universidad de Pamplona)
Subjects:
Online Access:Digitalia Hispánica

MARC

LEADER 00000nam a2200000 i 4500
001 DIGUPAMP0068
003 NyNyDIG
007 cr |||||||||||
008 250904s2024 ck ao ob 000 0 spa d
006 m o d
035 |a (OCoLC)1536544861 
040 |a DGITA  |b eng  |e rda  |e pn  |c DGITA 
020 |a 9786287656314  |q (digital) 
024 7 |a 10.24054/seu.80  |2 doi 
043 |a s-ck--- 
050 1 4 |a SB371 ebook 
100 1 |a Quevedo García, Enrique,  |e author. 
245 1 3 |a El crecimiento vegetal del durazno [Prunus persica (L.) Batsch.] variedad Jarillo :  |b un estudio en tres zonas con diversas altitudes en la provincia de Pamplona, Norte de Santander, Colombia /  |c Enrique Quevedo García, Alba Milena Pacheco Villamizar, Giovanni Orlando Cancino Escalante. 
250 |a Primera edición. 
264 1 |a [Pamplona, Colombia] :  |b Sello Editorial Unipamplona,  |c [2024] 
300 |a 1 online resource :  |b illustrations, photographs. 
336 |a text  |b txt  |2 rdacontent 
337 |a computer  |b c  |2 rdamedia 
338 |a online resource  |b cr  |2 rdacarrier 
347 |a text file  |2 rdaft 
347 |b PDF 
490 1 |a Colección Ciencias pecuarias y agronomía 
504 |a Includes bibliographical references. 
588 0 |a Online resource; title from PDF title page (Digitalia, viewed September 4, 2025). 
650 0 |a Peach  |x Research  |z Colombia  |z Norte de Santander. 
700 1 |a Pacheco Villamizar, Alba Milena,  |e author. 
700 1 |a Giovanni Orlando Cancino Escalante,  |e author. 
791 2 |a Digitalia (Firm),  |e distributor. 
793 0 |g Digitalia eBook Collection:  |a Universidad de Pamplona 
830 0 |a Colección Ciencias pecuarias y agronomía (Universidad de Pamplona) 
856 4 0 |3 Digitalia Hispánica  |u https://www.digitaliapublishing.com/a/175716/ 
910 |a Premium collection: 2025